Paušálna daň na rok 2001 v praktických príkladoch

Vysvetlenie paušálnej dane formou praktických príkladov. vysporiadanie daňovej povinnosti za rok 2000. Paušálna daň na rok 2001. Úľava na paušálnej dani. Od 1. januára 2001 budú môcť platiť paušálnu daň aj daňovníci s príjmami z poľnohospodárskej výroby, lesného a vodného hospodárstva.

Gespeichert in:
Bibliographische Detailangaben
1. Verfasser: Faiglová, Svetlana
Format: Buchkapitel
Sprache:Slowakisch
Schlagworte:
Tags: Tag hinzufügen
Keine Tags, Fügen Sie das erste Tag hinzu!

MARC

LEADER 00000naa a2200000 4500
001 r040452
005 20230926084215.5
041 0 |a slo 
044 |a SK 
245 1 0 |a Paušálna daň na rok 2001 v praktických príkladoch  |c Svetlana Faiglová 
520 |a Vysvetlenie paušálnej dane formou praktických príkladov. vysporiadanie daňovej povinnosti za rok 2000. Paušálna daň na rok 2001. Úľava na paušálnej dani. Od 1. januára 2001 budú môcť platiť paušálnu daň aj daňovníci s príjmami z poľnohospodárskej výroby, lesného a vodného hospodárstva. 
610 2 0 |a dane paušálne 
610 2 0 |a dane z príjmov 
610 2 0 |a novelizácia 
610 2 0 |a daňovníci 
610 2 0 |a úľavy daňové 
610 2 0 |a január 
610 2 0 |a 2001 
100 1 |a Faiglová, Svetlana